000 00458nam a2200193Ia 4500
005 20240823050125.0
008 240823s9999||||xx |||||||||||||| ||und||
020 _a978-81-317-0793-7
041 _aENGLISH
082 _A547.59 N7
100 _aThomas L Gilchrist
245 0 _aHeterocyclic Chemistry
250 _a3rd
260 _c1997
_b"Pearson ,Sing"
500 _aTRANSFERED
650 _aChemistry
_bChemistry
942 _cBK
999 _c216531
_d216531